LEADER 00767nam a2200181 i 4500 001 000000224144 003 CaOOAMICUS 005 20131025000000.0 008 131025s1741 it u000 u fre u 013 $a203042 026 $antu- esu- cei- l'de (3) 1741 (R) 040 $aSeMil$bita 245 10$aTome 3. 300 $a[4], 461, [1] p. 773 0 $aPrévost, Antoine François <1697-1763>$tPhilosophe anglois, ou Histoire de monsieur Cleveland, fils naturel de Cromwell; ecrite par lui-même. Et traduite de l'anglois. Tome 1. [-6.].$bNouvelle édition.$dA Utrecht : Chez Etienne Neaulme, 1741.$g3$w()28973 850 $aSeMil 852 $aSeMil$W1$xVenegono$y1$m2R I 183 FA$j174490$B174490$CSeMilBibl$Z2$F184567 $8I 996 $6245$aTome 3$9(OLS)http://semarc/title/1575 LEADER 00895nam a2200217 i 4500 001 000000182730 003 CaOOAMICUS 005 20091029000000.0 008 091029s1958 it u000 u ita u 013 $a160691 040 $aSeMil$bita 100 1 $aDesqueyrat, Andre.$0(OLS)http://semarc/name/67306 240 13$aLa crise religieuse des temps nouvreaux.$0(OLS)http://semarc/title/262178 245 13$aLa crisi religiosa del nostro tempo /$cR. P. A. Desqueyrat s. j. 260 $a[S.l.] :$bCappelli,$cstampa 1958. 300 $a311 p. ;$c22 cm. 650 4$aCattolicesimo - Francia - Sec. 20.$0(OLS)http://semarc/subject/3995 850 $aSeMil 852 $aSeMil$W1$xVenegono$y1$m3E I 181$j133434$B133434$CSeMilBibl$Z2$F145219 $81 996 $6245$aLa crisi religiosa del nostro tempo$9(OLS)http://semarc/title/262177 996 $6260$a[S.l.] :$bCappelli$9(OLS)http://semarc/publisher/32130